Normal view
MARC view
- سلمان، زيد منير
Entry Personal Name
001 - CONTROL NUMBER
- control field: 51079
003 - CONTROL NUMBER IDENTIFIER
- control field: JO-AjAnu
005 - DATE AND TIME OF LATEST TRANSACTION
- control field: 20230606082415.0
008 - FIXED-LENGTH DATA ELEMENTS
- fixed length control field: 230606|| aca||aabn | a|a d
040 ## - CATALOGING SOURCE
- Original cataloging agency: JO-AjAnu
- Transcribing agency: JO-AjAnu
100 ## - HEADING--PERSONAL NAME
- Personal name: سلمان، زيد منير
670 ## - SOURCE DATA FOUND
- Source citation: Work cat.: (JO-AjAnu)26108: سلمان، زيد منير, author, السياحة في الوطن العربي: دراسة لأهم المواقع السياحية والإرشاد والأدلة السياحية العربية